Inovácie v službách v krajinách EÚ
Transformácia rozdielov intenzity inovácií v službách a vo výrobe. Nástroje podnecujúce rozvoj inovačných procesov v službách v európskych krajinách. Obchodno-podnikateľské služby v procese tvorby a transferu nových technológií. Konkurencieschopnosť v znalostnej ekonomike.
Guardado en:
| Autor principal: | |
|---|---|
| Formato: | Capítulo de libro |
| Lenguaje: | eslovaco |
| Materias: | |
| Etiquetas: |
Sin Etiquetas, Sea el primero en etiquetar este registro!
|
MARC
| LEADER | 00000naa$a2200000$$$4500 | ||
|---|---|---|---|
| 001 | 0114084 | ||
| 005 | 20240613101437.4 | ||
| 041 | 0 | |a slo | |
| 044 | |a SK | ||
| 245 | 1 | 0 | |a Inovácie v službách v krajinách EÚ |c Viera Kubičková |
| 520 | |a Transformácia rozdielov intenzity inovácií v službách a vo výrobe. Nástroje podnecujúce rozvoj inovačných procesov v službách v európskych krajinách. Obchodno-podnikateľské služby v procese tvorby a transferu nových technológií. Konkurencieschopnosť v znalostnej ekonomike. | ||
| 610 | 2 | 0 | |a inovácia |
| 610 | 2 | 0 | |a služby |
| 610 | 2 | 0 | |a služby podnikateľské |
| 610 | 2 | 0 | |a stratégia inovačná |
| 610 | 2 | 0 | |a technológie nové |
| 610 | 2 | 0 | |a konkurencieschopnosť |
| 100 | 1 | |a Kubičková, Viera, 1970- | |